000 00697nam a2200241 i 4500
001 14711
003 ES-MaACL
005 20230906150852.0
007 t|
008 990526s1978 sp ||||1| spa d
020 _a84-7235-357-5
080 _a159.922.1
100 1 _aMartín del Pozo, Concepción.
_977468
245 1 4 _aLos seductores /
_cConcepción Martín del Pozo, Juan Martínez-Val.
260 _aBarcelona :
_bDopesa,
_c1978.
300 _a111 p. :
_bil. ;
_c19 cm.
490 1 _aLos marginados
650 1 4 _aSeducción.
_917010
700 1 _aMartínez-Val, Juan.
_978456
830 0 _aLos marginados
_9187416
852 _aES-MaACL
_jL-22001
_bR.113401
999 _c14711
_d14711